01256nam a2200277 a 450000100060000000300080000600500170001400800410003103500190007204000270009104100080011808200290012610000590015524502500021426000400046430000360050449000410054050400410058165000420062270000470066470000410071183000490075294200120080199900170081395201480083072724BD-RjUL20211209082313.0170522s1963 maua b 001 0 eng d a(BD-RjUL)72942 aDLCcDLCdBD-RjULbeng aeng00223a582.130978bCRA 19631 aCraighead, John J.q(John Johnson),d1916-2016921511512aA field guide to Rocky Mountain wildflowers :bfrom northern Arizona and New Mexico to British Columbia /cby John J. Craighead, Frank C. Craighead, [and] Ray J. Davis. Color plates by the authors. Drawings by Grant O. Hagen and Eduardo Salgado. aBoston :bHoughton Mifflin,cc1963. axxxvi, 277 p. :bill. ;c19 cm.0 aThe Peterson field guide series,v14 aIncludes bibliographies and indexes. 0aWild flowerszRocky Mountains9215116 a Craighead, Frank C.qjoint author9215117 aDavis, Ray J. qjoint author9215118 aThe Peterson field guide series,v149204866 2ddccBK c72724d72724 00102ddc40718NFICaRUCLbRUCLcReadingd1966-06-03eAsia Foundationg0.00l0o582.130978 CRA 1963r2017-05-22 00:00:00tC-1w2017-05-22yBK